000 00708nam a2200217 a 4500
001 BRCA_3765
005 20190320204421.0
008 071009s2002----it-a---###---#000-0#ita-#
041 _aita
044 _ait
050 4 _aND2575
_b.D57 2002
245 1 0 _aDipinti Pompeiani
_b20 Fotografie Dirette a Colori
_cFratelli Alinari.
260 _aItalia
_bUnione Editoriale
_c[2002]
300 _a1 v. (sin paginación)
_bil., 20 láminas a color
_c45 cm.
500 _aColección Sonia Corcuera de Mancera
500 _aPor su formato NO se presta a domicilio
650 1 4 _aPintura mural romana
_xHistoria
_zPompeya (ciudad extinta)
_99815
710 2 _aFratelli Alinari
_99816
902 _aDSC
942 _2lcc
_cB
999 _c3494
_d3494